00738nam a2200205 i 450000100060000000300090000600500170001500700030003200800410003510000260007624501060010226000450020830000220025349000210027570000360029683000290033285200320036199900170039395201220041065122ES-MaACL20230906165313.0t|040108s1964 sp ||||1| spa d1 aFraine, J. de.95211613aLa Biblia y el origen del hombre / cJ. de Fraine ; [versión española de José María Irazola]. aBilbao : bDesclée de Brouwer, c1964. a129 p. ; c19 cm.1 aTemas bíblicos1 aIrazola, José María.9654280 aTemas bíblicos9183517 aES-MaACLjC-25068 bR.53708 c65122d65122 00104070aATENEOMbATENEOMcDEPO2d2008-01-17eSCl0oC-25068p1068231r2023-02-23 00:00:00w2023-02-23yMONOGRAFIA